000 004620000a22001570004500
003 MACL
005 20180313154906.0
008 180313b xxu||||| |||| 00| 0 eng d
040 _cMACL
100 _aशशिप्रभा शास्‍त्री
_944216
245 _aआसमान की मेज
260 _bपकाशन विभाग
_c1992
350 _a13
650 _aचिल्‍ड्रन
_971295
942 _cHIN
_k741.642
_2ddc
999 _c20199
_d20199